ANumerical Approach in Agricultural Engineering With Objective (Record no. 134)

MARC details
000 -LEADER
fixed length control field 00361nam a22001457a 4500
020 ## - INTERNATIONAL STANDARD BOOK NUMBER
International Standard Book Number 978-93-272-5369-6
041 ## - LANGUAGE CODE
Language code of text/sound track or separate title ENG
100 ## - MAIN ENTRY--PERSONAL NAME
Personal name Sanjay Kumar
245 ## - TITLE STATEMENT
Title ANumerical Approach in Agricultural Engineering With Objective
250 ## - EDITION STATEMENT
Edition statement Third
260 ## - PUBLICATION, DISTRIBUTION, ETC. (IMPRINT)
Place of publication, distribution, etc Ludhiana
Name of publisher, distributor, etc Kalyani Pub
Date of publication, distribution, etc 2015
300 ## - PHYSICAL DESCRIPTION
Extent E-225
650 ## - SUBJECT ADDED ENTRY--TOPICAL TERM
Topical term or geographic name as entry element GATE
856 ## - ELECTRONIC LOCATION AND ACCESS
Uniform Resource Identifier Competitive Exam
Holdings
Withdrawn status Lost status Source of classification or shelving scheme Damaged status Not for loan Home library Current library Date acquired Cost, normal purchase price Total Checkouts Barcode Date last seen Date checked out Price effective from Koha item type Total Renewals
    Dewey Decimal Classification     College of Agricultural Engineering and Technology, Dapoli , Library College of Agricultural Engineering and Technology, Dapoli , Library 13/01/2021 425.00 10 007685 05/02/2026 24/12/2025 13/01/2021 Books  
    Dewey Decimal Classification     College of Agricultural Engineering and Technology, Dapoli , Library College of Agricultural Engineering and Technology, Dapoli , Library 13/01/2021 425.00 17 007686 13/04/2026 06/04/2026 13/01/2021 Books 1

Contact Us: College of Agricultural Engineering and Technology, Dapoli, Dist.- Ratnagiri
Website: https://dbskkv.org Email: caetlibrary2015@gmail.com